000 00493nam a2200181Ia 4500
005 20250326124214.0
008 250326s9999 xx 000 0 und d
037 _aTextbook
040 _aFMSL
_beng
_cFMSL
041 _aeng
_2eng
084 _aX:51 K8;8
_qFMSL
100 _aRosenbloom B
_9736981
245 0 _aMarketing channels: management view
_cRosenbloom B
260 _aUSA
_bUSA, Dryden
_c1978
300 _a405p
942 _cTB
_hX:51 K8;8
999 _c1272730
_d1272730